『24時間テレビ』のキャッチフレーズ - Statistics

General Stats
  • This quiz has been taken 65 times
  • The average score is 45 of 47
Answer Stats
# 放送日 キャッチフレーズ % Correct
1 1978-08-26 愛は地球を救う
100%
2 1979-08-25 愛は地球を救う
100%
3 1980-08-30 愛は地球を救う
100%
4 1981-08-22 愛は地球を救う
100%
5 1982-08-21 愛は地球を救う
100%
6 1983-08-20 愛は地球を救う
100%
7 1984-08-18 愛は地球を救う
100%
8 1985-08-24 愛は地球を救う
100%
9 1986-08-23 愛は地球を救う
100%
10 1987-08-22 愛は地球を救う
100%
11 1988-08-27 愛は地球を救う
100%
12 1989-08-26 愛は地球を救う
100%
13 1990-08-25 愛は地球を救う
100%
14 1991-07-27 愛は地球を救う
100%
17 1994-08-20 愛は地球を救う
100%
18 1995-08-26 愛は地球を救う
100%
19 1996-08-24 愛は地球を救う
100%
20 1997-08-23 愛は地球を救う
100%
21 1998-08-22 愛は地球を救う
100%
22 1999-08-21 愛は地球を救う
100%
23 2000-08-19 愛は地球を救う
100%
24 2001-08-18 愛は地球を救う
100%
25 2002-08-17 愛は地球を救う
100%
26 2003-08-23 愛は地球を救う
100%
27 2004-08-21 愛は地球を救う
100%
28 2005-08-27 愛は地球を救う
100%
29 2006-08-26 愛は地球を救う
100%
30 2007-08-18 愛は地球を救う
100%
31 2008-08-30 愛は地球を救う
100%
32 2009-08-29 愛は地球を救う
100%
33 2010-08-28 愛は地球を救う
100%
34 2011-08-20 愛は地球を救う
100%
35 2012-08-25 愛は地球を救う
100%
36 2013-08-24 愛は地球を救う
100%
37 2014-08-30 愛は地球を救う
100%
38 2015-08-22 愛は地球を救う
100%
39 2016-08-27 愛は地球を救う
100%
40 2017-08-26 愛は地球を救う
100%
41 2018-08-25 愛は地球を救う
100%
42 2019-08-24 愛は地球を救う
100%
43 2020-08-22 愛は地球を救う
100%
44 2021-08-21 愛は地球を救う
100%
45 2022-08-27 愛は地球を救う
100%
46 2023-08-26 愛は地球を救う
100%
47 2024-08-31 愛は地球を救うのか?
73%
15 1992-08-29 愛の歌声は地球を救う
13%
16 1993-08-21 愛の歌声は地球を救う
13%
No matching quizzes found
Score Distribution
Percent of People with Each Score
Percentile by Number Answered
Your Score History
You have not taken this quiz